000 01650nam0a2200385 4500
001 RU\NLR\BIBL_A\010301169
005 20260409072113.0
010 _a978-5-1708-3200-2
_96500
021 _aRU
_b2014-5693
_9352
021 _aRU
_b2014-59100
_93586
035 _a(NLR Aleph) 010301169
035 _a(NILC)RuMoRGB-006730663
090 _a10594330
_c10594330
100 _a20140402d2013 u y0rusy50 ca
101 1 _arus
_ceng
102 _aRU
105 _ay||||||||||||
200 1 _aЛидер без титула
_eсовременная притча об истинном успехе в жизни и бизнесе
_fРобин Шарма
_gпер. с англ. [Е. Мирошниченко]
210 _aМосква
_cАСТ
_cСбербанк
_d2013
215 _a207 с.
_d21
225 1 _aБиблиотека Сбербанка
_vт. 39
300 _aЗагл. и авт. ориг.: The leader who had no title / Robin Sharma
454 0 _12001#$aThe leader who had no title$fRobin Sharma
_1700#1$aSharma$bR. S.$gRobin S.$f1965-$3RU\NLR\AUTH\7782527
_tThe leader who had no title
_aSharma, Robin S. (1965-)
606 _aЛидерство (социол.)
_jПопулярные издания
_91883705
_3RU\NLR\AUTH\66856201
675 _a821.111(71)-31
686 1 _aС550.352я9
686 1 _aС550.373я9
700 1 _4070
_7ca
_8rus
_aШарма
_bР. С.
_f1965-
_gРобин С.
_910974
_3RU\NLR\AUTH\7727943
801 0 _aRU
_bRuMoRKP
_c20110309
_gRCR
801 1 _aRU
_bRuMoRKP
_c20110309
_2rusmarc
801 2 _aRU
_bРГБ
_c20140131
_grcr
942 _cBOOK
980 _aNB